[Event "Mechanics' Winter TNM; G/2 d5"]
[Site "San Francisco"]
[Date "2019.01.29"]
[Round "4.16"]
[White "Hakobyan, Sos"]
[Black "McKellar, Daniel"]
[Result "1/2-1/2"]
[WhiteElo "1829"]
[BlackElo "1872"]
[Annotator "McKellar,Daniel/Winslow,Elliott"]
[PlyCount "161"]
[EventDate "2019.01.08"]
[EventType "swiss"]
[EventRounds "8"]
[EventCountry "USA"]

1. e4 c5 2. Nf3 g6 3. c3 Nc6 4. Bb5 Bg7 5. Bxc6 dxc6 6. O-O Qd3 7. Re1 Bg4 8.
Qe2 O-O-O 9. Qxd3 Rxd3 10. Re3 Rxe3 11. fxe3 Nf6 12. h3 Bxf3 13. gxf3 Nd7 14.
d4 cxd4 15. exd4 e5 16. Be3 exd4 17. Bxd4 Bxd4+ 18. cxd4 Rd8 19. Nc3 Nb6 20.
Rd1 Nd7 (20... f5) 21. Kf2 Nf8 (21... f5) 22. Ke3 Ne6 (22... f5) 23. a4 c5 24.
d5 Nd4 25. h4 h6 26. Kf4 Re8 (26... Rd6) 27. b4 g5+ {(too desperate)} (27...
cxb4 28. Rxd4 bxc3 29. Rc4+ Kd7 30. Rxc3 Kd6) 28. hxg5 hxg5+ 29. Kxg5 Nxf3+ 30.
Kf4 Ne5 31. bxc5 (31. Nb5 Ng6+ 32. Ke3) 31... a6 32. Rh1 (32. Ne2) (32. a5) (
32. d6) 32... Nd3+ 33. Kf5 Nxc5 34. Rh7 b5 {(again, too desperate)} (34... Re7
35. Kf6 Kd8 36. Rxf7 Nd7+ 37. Kg7 Ne5 38. Rxe7 Kxe7 {should be drawn.}) 35.
axb5 axb5 36. e5 (36. Rh6) (36. Nxb5 Nxe4 37. Rxf7) 36... Nd3 37. e6 fxe6+ 38.
dxe6 Nc5 39. Nxb5 Rxe6 40. Rc7+ Kd8 41. Rxc5 Re1 42. Rc6 Rf1+ 43. Ke5 Re1+ 44.
Kd5 Rd1+ 45. Nd4 Ke7 46. Re6+ Kf7 47. Re4 Rf1 48. Re5 Rd1 49. Re4 Rf1 50. Ke5
Rf2 51. Kd6 Rd2 52. Rf4+ Kg6 53. Ke6 Rg2 54. Rf8 Kg7 55. Rf7+ Kg6 56. Rf6+ Kg5
57. Rf8 Ra2 58. Ke5 Ra5+ 59. Ke4 Ra4 60. Rb8 Kf6 61. Rb6+ Ke7 62. Ke5 Ra5+ 63.
Nb5 Kd7 64. Kd5 Ke7 65. Ke5 Kd7 66. Rd6+ Ke7 67. Rd5 Ra1 68. Nc3 Re1+ 69. Ne4
Kf7 70. Rd6 Kg7 71. Rd7+ Kg6 72. Re7 Ra1 73. Re6+ Kg7 74. Re8 Ra5+ 75. Ke6 Ra6+
76. Nd6 Ra1 77. Nf5+ Kh7 78. Kf6 Ra6+ 79. Kg5 Rg6+ 80. Kh5 (80. Kf4 Ra6 {
and we'd continue another 10 moves.}) 80... Rg5+ 81. Kxg5 1/2-1/2

[Event "Mechanics' Winter TNM; G/2 d5"]
[Site "San Francisco"]
[Date "2019.01.29"]
[Round "4.17"]
[White "Cendejas, Juan"]
[Black "Harris, John"]
[Result "0-1"]
[WhiteElo "1686"]
[BlackElo "1854"]
[PlyCount "66"]
[EventDate "2019.01.08"]
[EventType "swiss"]
[EventRounds "8"]
[EventCountry "USA"]

1. e4 c6 2. Nc3 d5 3. d4 dxe4 4. Nxe4 Nd7 5. Bf4 Ngf6 6. f3 g6 7. Qd2 h5 8.
O-O-O Nd5 9. Kb1 Nxf4 10. Qxf4 Bh6 11. Qg3 Nf6 12. Bc4 Nd5 13. Bb3 a5 14. a4
Bf5 15. h3 Bf4 16. Qe1 h4 17. Ne2 Bc7 18. N2c3 Kf8 19. g4 hxg3 20. Nxg3 Nxc3+
21. bxc3 Bxg3 22. Qxg3 Qd6 23. f4 Qa3 24. c4 b5 25. cxb5 cxb5 26. Qf3 Rb8 27.
Qd5 e6 28. Qe5 Qxb3+ 29. Ka1 Qxa4+ 30. Kb2 Qxc2+ 31. Ka1 Qc3+ 32. Ka2 Ke7 33.
Rc1 Bc2 0-1

[Event "Mechanics' Winter TNM; G/2 d5"]
[Site "San Francisco"]
[Date "2019.01.29"]
[Round "4.18"]
[White "Chambers, Don"]
[Black "Melville, Cailen"]
[Result "0-1"]
[WhiteElo "1127"]
[BlackElo "1954"]
[Annotator "Winslow,Elliott"]
[PlyCount "74"]
[EventDate "2019.01.08"]
[EventType "swiss"]
[EventRounds "8"]
[EventCountry "USA"]

1. e4 e6 2. d4 d5 3. e5 c5 4. c4 cxd4 5. Nf3 Nc6 6. Nxd4 Nxe5 7. cxd5 Qxd5 8.
Nc3 Bb4 9. Qa4+ Nc6 10. Be3 Bd7 11. Nxc6 Bxc3+ 12. bxc3 Qxc6 13. Qxc6 Bxc6 14.
Bd4 Nf6 15. f3 O-O-O 16. Bc4 Rd7 17. Bxa7 $4 b5 18. Bxe6 Re8 19. O-O Rxe6 20.
Bd4 Nd5 21. Bxg7 Rg6 22. Bd4 Nf4 23. Kh1 Nxg2 24. Be5 Nh4 25. Bg3 Nxf3 26. Kg2
Rd2+ 27. Rf2 Rd3 28. Rc1 Nd2+ 29. Kg1 h5 30. Rxf7 h4 31. Rc7+ Kd8 32. Rxc6 Nf3+
33. Kh1 Rxc6 34. Bf2 h3 35. a4 Rcd6 36. Bd4 R6xd4 37. cxd4 Rd2 0-1

[Event "Mechanics' Winter TNM; G/2 d5"]
[Site "San Francisco"]
[Date "2019.01.29"]
[Round "4.19"]
[White "Robertson, Wade"]
[Black "Argo, Guy"]
[Result "0-1"]
[WhiteElo "957"]
[BlackElo "1909"]
[Annotator "Winslow,Elliott"]
[PlyCount "90"]
[EventDate "2019.01.08"]
[EventType "swiss"]
[EventRounds "8"]
[EventCountry "USA"]

1. e4 e5 2. Nf3 f5 3. Nc3 fxe4 4. Nxe4 d5 5. Ng3 e4 6. Nd4 Nf6 7. d3 c5 8. Nde2
exd3 9. Qxd3 Nc6 10. Bg5 Nb4 11. Qd2 Be7 12. a3 Nc6 13. O-O-O O-O 14. Bxf6 Rxf6
15. Qxd5+ Qxd5 16. Rxd5 Be6 17. Rd1 Rxf2 18. Ne4 Rf7 19. N2c3 Nd4 20. Nb5 $4
Rxf1 21. Nxd4 Rxd1+ 22. Rxd1 cxd4 23. Rxd4 Rd8 24. Rxd8+ Bxd8 25. Nd6 Bc7 26.
Nxb7 Bxh2 27. Nc5 Bd5 28. Nd3 Bxg2 29. b4 h5 30. Kd2 Bg3 31. Ke2 h4 32. Nf2 h3
33. Nxh3 Bxh3 34. Kd3 g5 35. c4 Bf1+ 36. Kd4 Bf2+ 37. Kc3 g4 38. c5 Bb5 39. Kd2
g3 40. a4 g2 41. axb5 g1=Q 42. b6 Qe1+ 43. Kd3 Qxb4 44. bxa7 Qa3+ 45. Ke4 Bxc5
0-1

[Event "Mechanics' Winter TNM; G/2 d5"]
[Site "San Francisco"]
[Date "2019.01.29"]
[Round "4.20"]
[White "Pane, Gianluca"]
[Black "Francis, Daniel E"]
[Result "1-0"]
[WhiteElo "1863"]
[BlackElo "1607"]
[PlyCount "35"]
[EventDate "2019.01.08"]
[EventType "swiss"]
[EventRounds "8"]
[EventCountry "USA"]

1. d4 e6 2. c4 f5 3. Nc3 Nf6 4. f3 Bb4 5. Qc2 d6 6. e3 O-O 7. Bd3 Bxc3+ 8. Qxc3
b6 9. Ne2 c5 10. b3 Nc6 11. Bb2 Nb4 12. Bb1 Bb7 13. O-O a5 14. a3 Na6 15. Bc2
Nh5 16. dxc5 bxc5 17. Nf4 Nxf4 18. Qxg7# 1-0

[Event "Mechanics' Winter TNM; G/2 d5"]
[Site "San Francisco"]
[Date "2019.01.29"]
[Round "4.21"]
[White "Matz, James I"]
[Black "Jensen, Christian"]
[Result "0-1"]
[WhiteElo "1601"]
[BlackElo "1857"]
[PlyCount "74"]
[EventDate "2019.01.08"]
[EventType "swiss"]
[EventRounds "8"]
[EventCountry "USA"]

1. Nf3 Nf6 2. g3 d5 3. Bg2 e6 4. d3 g6 5. Nbd2 Bg7 6. O-O Nbd7 7. e4 O-O 8. e5
Ng4 9. d4 c5 10. c3 f6 11. Bh3 h5 12. Nh4 fxe5 13. Bxg4 hxg4 14. Qxg4 Nf6 15.
Qxg6 exd4 16. cxd4 cxd4 17. Ndf3 Qe8 18. Qd3 e5 19. Nxe5 Qxe5 20. Ng6 Qe4 21.
Qxe4 dxe4 22. Nxf8 Kxf8 23. Bg5 Bd7 24. Rac1 Bc6 25. h4 Nd7 26. Bf4 Ne5 27. Rc5
Re8 28. Rd1 Kg8 29. Bd2 Rd8 30. Bf4 Nd3 31. Rg5 Rc8 32. h5 Kh7 33. b3 Nxf4 34.
gxf4 Rf8 35. f5 Bd7 36. Rc1 Bc6 37. b4 Bh6 0-1

[Event "Mechanics' Winter TNM; G/2 d5"]
[Site "San Francisco"]
[Date "2019.01.29"]
[Round "4.22"]
[White "Abraham, Michael"]
[Black "Marcus, Joel"]
[Result "0-1"]
[WhiteElo "1609"]
[BlackElo "1833"]
[PlyCount "44"]
[EventDate "2019.01.08"]
[EventType "swiss"]
[EventRounds "8"]
[EventCountry "USA"]

1. d4 d6 2. c4 e5 3. d5 f5 4. Nc3 Nf6 5. Bg5 Be7 6. e3 O-O 7. Nf3 Na6 8. Be2
Nc5 9. O-O Nce4 10. Nxe4 Nxe4 11. Bxe7 Qxe7 12. Nd2 Qh4 13. f4 Rf6 14. Nf3 Qh6
15. fxe5 Qxe3+ 16. Kh1 Rh6 17. Qe1 f4 18. h4 Ng3+ 19. Kh2 Bg4 20. Rf2 Bxf3 21.
gxf3 Qxe5 22. Qd2 Rxh4+ 0-1

[Event "Mechanics' Winter TNM; G/2 d5"]
[Site "San Francisco"]
[Date "2019.01.29"]
[Round "4.23"]
[White "Bayaraa, Timothy"]
[Black "Kim, Andy"]
[Result "0-1"]
[WhiteElo "1175"]
[BlackElo "1604"]
[PlyCount "44"]
[EventDate "2019.01.08"]
[EventType "swiss"]
[EventRounds "8"]
[EventCountry "USA"]

1. e4 c6 2. Nc3 d5 3. d4 dxe4 4. Nxe4 Bf5 5. Qf3 e6 6. Be3 Nd7 7. Bd3 Qb6 8. b3
Bxe4 9. Qxe4 Ndf6 10. Qh4 Bb4+ 11. Ke2 Nd5 12. Bd2 Ngf6 13. Rd1 Bxd2 14. Rxd2
Nc3+ 15. Ke1 O-O-O 16. Nf3 Qa5 17. Ne5 Rdf8 18. f3 Nb1 19. Qf4 Nd5 20. Qe4
Qxd2+ 21. Kf1 Ne3+ 22. Kg1 Qxg2# 0-1

[Event "Mechanics' Winter TNM; G/2 d5"]
[Site "San Francisco"]
[Date "2019.01.29"]
[Round "4.24"]
[White "Yun, Andrew"]
[Black "Carron, Joel"]
[Result "0-1"]
[WhiteElo "1780"]
[BlackElo "1491"]
[Annotator "Winslow,Elliott"]
[PlyCount "78"]
[EventDate "2019.01.08"]
[EventType "swiss"]
[EventRounds "8"]
[EventCountry "USA"]

1. e4 c5 2. Nf3 g6 3. d4 cxd4 4. Nxd4 Nc6 5. c4 Bg7 6. Be3 Nf6 7. Nc3 O-O 8.
Be2 d6 9. O-O Bd7 10. Qd2 Ng4 11. Bxg4 Bxg4 12. f3 Bd7 13. Rad1 a6 14. Nde2 Be6
15. b3 Qa5 16. Rf2 Rab8 17. Rc1 Rfd8 18. Bh6 f6 19. Be3 Bf7 20. Nf4 Bh6 21.
Nfd5 Bxe3 22. Qxe3 Qc5 23. Qh6 Qd4 24. f4 e6 25. Rd1 Qxd1+ 26. Nxd1 exd5 27.
exd5 Nd4 28. Ne3 f5 29. g4 (29. Rd2 Re8 30. Kf2 Re4 31. Nf1) 29... Re8 30. gxf5
$4 {Many moves win. Not this.} Rxe3 31. f6 Nf5 32. Qg5 h6 33. Qg4 (33. Qg2)
33... Rbe8 (33... Re1+ $1) 34. Rf1 Re2 35. a3 Rb2 36. Qd1 Ree2 37. Rf3 Rg2+ 38.
Kf1 Rxh2 39. Ke1 Ne3 $1 0-1

[Event "Mechanics' Winter TNM; G/2 d5"]
[Site "San Francisco"]
[Date "2019.01.29"]
[Round "4.26"]
[White "Latourette, Nicholas"]
[Black "Perlov, Alexander"]
[Result "1-0"]
[WhiteElo "1347"]
[BlackElo "1720"]
[Annotator "Winslow,Elliott"]
[PlyCount "109"]
[EventDate "2019.01.08"]
[EventType "swiss"]
[EventRounds "8"]
[EventCountry "USA"]

1. e4 c5 2. Nf3 g6 3. d4 cxd4 4. Nxd4 Nc6 5. Nc3 Bg7 6. Be3 Nf6 7. f3 (7. Bc4)
(7. Nb3) 7... O-O 8. Qd2 $6 {White tries to force the "normal" Yugoslav Attack,
but} (8. Nb3 $5 d5 {anyway!} ({or even} 8... a5 9. a4 d5)) 8... d5 $1 9. Nxc6
bxc6 10. Bh6 (10. O-O-O Qa5 11. Kb1 {[#] with the classic threat of Nxd5} Rb8
$1 12. Nxd5 $2 Rxb2+ $3 {That's using that extra tempo!} 13. Kxb2 (13. Kc1 Qxa2
) 13... Nxe4+ $1 {Wrong queen is lost!}) 10... Qa5 $2 ({Sometimes you can just
draw White's queen away for the right moment:} 10... Bxh6 11. Qxh6 dxe4 {
The attack is all Black's} 12. fxe4 (12. Nxe4 Nxe4 13. fxe4 Qd4) 12... Rb8 $19)
11. Bxg7 Kxg7 12. e5 $2 (12. exd5 $15) 12... Ng8 $2 (12... Nd7 13. f4 Rb8 14.
b3 Nc5 (14... f6) 15. Ne4 Qb6 16. Nxc5 Qxc5 $17 {White's king has no happy home
}) 13. Qd4 $6 (13. h4 h5 14. O-O-O Rb8 15. g4 $11 {gets something going on the
other side} c5 $1 (15... hxg4 16. h5)) 13... e6 (13... c5 $1 {This is a
Dragon! Give up a pawn already!} 14. Qxd5 Rb8 15. Qd2 Rd8 16. Qc1 Qb4) ({
In retrospect (and after letting the computer run for a while) this might be
pushier.} 13... Rb8) 14. O-O-O c5 (14... Rb8) 15. Qa4 Qc7 $1 16. Re1 (16. f4) {
Helping White out} 16... Bd7 $6 (16... Rb8 $1) 17. Bb5 $1 Bxb5 18. Nxb5 Qc6 19.
Nc3 Qxa4 20. Nxa4 Rfc8 21. h4 h5 {Black is still solidly better} 22. g4 {
Checkmate? That train has left the station.} (22. b3) 22... hxg4 (22... Rab8 $5
) 23. fxg4 Ne7 (23... Rab8 24. a3 c4) 24. h5 gxh5 25. gxh5 Nf5 (25... Rab8 $1
$15) 26. Nc3 (26. h6+ Kh7 27. c4) 26... Rab8 27. Ref1 {[#] with a threat!} Kh6
$2 (27... Nh6) 28. Nxd5 $1 Ng3 $6 {panic} 29. Rf6+ $18 Kh7 30. Rh3 (30. Rxf7+
$1 Kg8 31. Rxa7 Nxh1 32. Ne7+ $1 (32. Nf6+ Kf8 33. h6 Rb4 34. h7 Rh4 35. Nd7+
Ke8 36. Nb6 Rb8 37. Nc4 {is winning for White!}) 32... Kg7 (32... Kf8 33. Ng6+
Ke8 (33... Kg8 34. h6) 34. h6 {Black is helpless!}) 33. Nxc8+ {etc.}) 30... Ne4
31. Rxf7+ (31. Ne7 Nxf6 32. Nxc8 Rxc8 33. exf6 $16) 31... Kg8 32. Rxa7 $2 (32.
Nf6+ Kxf7 33. Nxe4 $14) 32... exd5 33. h6 Rf8 $15 34. b3 $6 c4 $6 (34... Rf1+
35. Kb2 d4 {Black's turn!} 36. h7+ Kh8 37. e6 Nc3 38. Rxc3 $8 dxc3+ 39. Kxc3
Re1 40. a4 Rxe6 $17) 35. e6 c3 36. Rh1 Rbe8 37. Rg7+ Kh8 38. e7 $6 (38. Rf7)
38... Rf6 $17 39. Rhg1 Rxh6 $4 {[#]} (39... Re6 {THAT is the dangerous pawn.}
40. a4 R6xe7 41. Kb1 $15) 40. Rg8+ $1 $18 Rxg8 41. Rxg8+ Kh7 42. Rh8+ $1 Kxh8
43. e8=Q+ Kg7 44. Qe5+ Kg6 45. Qe8+ (45. Kd1 $1 {(keeping d5, h2(!) covered)})
45... Kg7 46. Kd1 Rh1+ 47. Ke2 Rh2+ {[#]} 48. Kf1 $4 (48. Ke3 {avoids any
trouble}) ({or} 48. Kf3 Rf2+ 49. Ke3) 48... Rd2 $4 (48... Nd2+ {is a drawing
mechanism well worth integrating!} 49. Ke1 (49. Kg1 Nf3+) 49... Nf3+ 50. Kf1 (
50. Kd1 $4 Rh1+ 51. Ke2 Re1+ $19)) 49. a4 $4 (49. Ke1 Kf6 $1 {when the king
joining in forces a draw}) (49. Qe5+ $1 {is the only winning move!} Kg6) 49...
Ng3+ $4 (49... Kf6 $1 {again, locks up the draw!} 50. a5 {is the only move to
disturb Black's king approach} (50. Ke1 Kf5) (50. Qc6+ Kf5 (50... Ke5) (50...
Kg5)) (50. Qf8+ {now any king move}) 50... Rxc2 $3 (50... Kf5 {in a way helps
White (by permitting checks on the 7th):} 51. a6 Rd1+ 52. Ke2 Ra1 53. Qf7+ {
& a7} (53. Qd7+)) 51. a6 Ra2 $11 {There's a new passed pawn in town} 52. a7
Rxa7 (52... c2 53. Qc6+ Ke5 54. a8=Q Rxa8 55. Qxc2 Rf8+ 56. Ke1 Rf2 {is good
for a draw as well}) 53. Ke2 Ra2+ 54. Ke3 Rd2 {the perpetual for White is
there of course}) 50. Kg1 (50. Ke1 $1 {is blunter, since} Rxc2 51. Qe5+ {
takes everything}) 50... Ne2+ 51. Kf2 Nd4+ 52. Kg3 Nxc2 53. Qe5+ Kg6 54. Qxc3
Ne3 55. Qxe3 {An epic battle, which mistakes only made more interesting.
Thanks to Alexander Perlov for reconstructing the full game score. (I would
not have been able to as the pages stood!)} 1-0

[Event "Mechanics' Winter TNM; G/2 d5"]
[Site "San Francisco"]
[Date "2019.01.29"]
[Round "4.27"]
[White "Lamstein, Joshua D"]
[Black "Morgan, Jerry"]
[Result "0-1"]
[WhiteElo "1655"]
[BlackElo "1491"]
[PlyCount "70"]
[EventDate "2019.01.08"]
[EventType "swiss"]
[EventRounds "8"]
[EventCountry "USA"]

1. e4 Nf6 2. e5 Nd5 3. c4 Nb6 4. d4 d6 5. f4 g6 6. Nf3 Bg7 7. Be2 O-O 8. O-O
Be6 9. b3 c5 10. d5 Bg4 11. Bb2 N8d7 12. Nbd2 Qb8 13. h3 Bxf3 14. Nxf3 dxe5 15.
fxe5 Nxe5 16. Nxe5 Bxe5 17. Bxe5 Qxe5 18. Bf3 Rad8 19. Qc2 Nc8 20. Kh1 Nd6 21.
Rae1 Qg5 22. Qb2 Nf5 23. Kg1 Nd4 24. Re4 Rd6 25. Qa3 Rf6 26. Kh1 Ra6 27. Qxc5
Nxf3 28. Rxf3 Rxa2 29. Rg4 Ra1+ 30. Kh2 Qe5+ 31. g3 Qd6 32. Qd4 Qa3 33. h4 Qc1
34. Kg2 Qh1+ 35. Kf2 Rf1+ 0-1

[Event "Mechanics' Winter TNM; G/2 d5"]
[Site "San Francisco"]
[Date "2019.01.29"]
[Round "4.28"]
[White "Rakonitz, David"]
[Black "Ansari, Jahaan"]
[Result "0-1"]
[WhiteElo "1644"]
[BlackElo "1390"]
[Annotator "Winslow,Elliott"]
[PlyCount "92"]
[EventDate "2019.01.08"]
[EventType "swiss"]
[EventRounds "8"]
[EventCountry "USA"]

1. d4 e6 2. Nf3 d5 3. c4 Nf6 4. Nc3 c6 5. Bg5 Nbd7 6. e3 Qa5 7. Nd2 Bb4 8. Qc2
dxc4 9. Bxf6 Nxf6 10. Bxc4 Bd6 11. O-O O-O 12. Nf3 b5 13. Bd3 g6 14. Ne4 Nxe4
15. Bxe4 Bb7 16. Rfc1 Rac8 17. Qe2 f5 18. Bd3 a6 19. Nd2 Qc7 20. h3 Qe7 21. Nb3
Qg5 22. Nc5 Ba8 23. Nxe6 Qf6 24. Nc5 $2 (24. Nxf8 {No reason not to}) 24...
Rfe8 25. Qd2 f4 26. Rf1 Rcd8 27. Nxa6 f3 28. g3 Qe6 29. Kh2 Bb7 30. Bc2 Kg7 31.
Bb3 Qd7 32. Bd1 Rf8 33. Bxf3 Rxf3 34. Nb4 Bc8 35. Kg2 Rdf8 36. Rh1 Qf5 37. Raf1
Bxb4 38. Qe2 c5 39. dxc5 Bb7 40. Kg1 Bxc5 41. Rh2 Ba6 42. b4 Bd6 43. Qd2 Bxg3
44. Rg2 Be5 45. Qe2 Bb7 46. Rd1 Rxh3 0-1

[Event "Mechanics' Winter TNM; G/2 d5"]
[Site "San Francisco"]
[Date "2019.01.29"]
[Round "4.30"]
[White "Xu, Jayden"]
[Black "Wingenroth, Jordan"]
[Result "1-0"]
[WhiteElo "1619"]
[BlackElo "1442"]
[Annotator "Winslow,Elliott"]
[PlyCount "49"]
[EventDate "2019.01.08"]
[EventType "swiss"]
[EventRounds "8"]
[EventCountry "USA"]

1. d4 d5 2. c4 Nf6 $6 3. cxd5 Nxd5 4. e4 (4. Nf3) 4... Nf6 5. Nc3 (5. e5 Nd5 6.
Bc4) 5... e5 6. d5 Bb4 $4 7. Qa4+ Bd7 8. Qxb4 a5 9. Qxb7 Na6 10. Bxa6 Rb8 11.
Qa7 c6 12. Qc5 Qc7 13. dxc6 Bxc6 14. Nb5 Qd7 15. Qxe5+ Qe6 16. Qxb8+ Ke7 17.
Qxh8 Qxe4+ 18. Ne2 Bxb5 19. Bxb5 Qb4+ 20. Nc3 Ke6 21. Qc8+ Ke7 22. Bg5 Qg4 23.
Qe8+ Kd6 24. Qd8+ Ke5 25. f4+ 1-0

[Event "Mechanics' Winter TNM; G/2 d5"]
[Site "San Francisco"]
[Date "2019.01.29"]
[Round "4.31"]
[White "Sadowsky, Jacob"]
[Black "Griffith, Kyron Wa"]
[Result "0-1"]
[WhiteElo "1703"]
[BlackElo "2458"]
[Annotator "Winslow,Elliott"]
[PlyCount "60"]
[EventDate "2019.01.08"]
[EventType "swiss"]
[EventRounds "8"]
[EventCountry "USA"]

1. e4 c5 2. Nf3 d6 3. d4 cxd4 4. Nxd4 Nf6 5. Nc3 a6 6. Be2 e5 7. Nb3 Be7 8. f3
Be6 9. Bg5 Nbd7 10. Qd2 O-O 11. O-O-O {White has really mixed systems} b5 12.
Kb1 b4 13. Bxf6 Nxf6 14. Nd5 Bxd5 15. exd5 a5 16. Bb5 Qb6 17. Qd3 a4 18. Nd2
Rfb8 19. Bc6 Ra7 20. Ne4 Nxe4 21. fxe4 Bg5 22. Rhf1 Be3 23. Rde1 Bd4 {Good Bad
Bishop vs. Bad Bad Bishop} 24. Qf3 (24. b3) 24... b3 25. axb3 $2 (25. cxb3 axb3
26. Qxb3 Qxb3 27. axb3 Rxb3 28. Re2 h5 $5 {-+ Stockfish 10} (28... Ra6 29. Be8)
) 25... axb3 26. c3 {[#]} (26. cxb3 Bxb2 $1 (26... Qa5) 27. Kxb2 Qd4+ 28. Qc3
Ra2+ 29. Kxa2) 26... Ra1+ 27. Kxa1 Qa5+ 28. Kb1 Qa2+ 29. Kc1 Qa1+ 30. Kd2 Qxb2+
0-1

[Event "Mechanics' Winter TNM; G/2 d5"]
[Site "San Francisco"]
[Date "2019.01.29"]
[Round "4.32"]
[White "Cortinas, Martin A"]
[Black "Otterbach, Renate"]
[Result "1-0"]
[WhiteElo "1666"]
[BlackElo "1281"]
[Annotator "Winslow,Elliott"]
[PlyCount "103"]
[EventDate "2019.01.08"]
[EventType "swiss"]
[EventRounds "8"]
[EventCountry "USA"]

1. e4 c5 2. Nf3 g6 3. c3 Bg7 4. d4 cxd4 5. cxd4 a6 (5... d5 $1 $11 {is "what
they do"} 6. e5 (6. exd5 Nf6 7. Bb5+ Nbd7 8. d6 $5 O-O $5) 6... Bg4 (6... a6 $5
) (6... f6 $5 7. exf6 exf6) 7. Bb5+ Nc6 (7... Nd7) 8. Bxc6+ bxc6 9. Nbd2 {
is not at all comfortable for Black}) 6. a4 $6 (6. Nc3 $1) 6... d6 (6... d5 $1)
7. h3 $1 {A fine "space" move} Nf6 8. Nc3 O-O 9. Be2 Nc6 10. O-O Bd7 11. Re1
Kh8 12. Bf1 Ng8 13. Be3 Rc8 14. Qb3 Na5 15. Qb4 f5 16. d5 e6 17. Bb6 Qe8 18.
Bxa5 e5 19. Bb6 Bf6 20. Rac1 Qf7 21. Qxd6 Qe7 22. Qxe7 Nxe7 23. d6 Nc6 24. Nd5
Bg7 25. Ne7 Rce8 26. Nxc6 Bxc6 27. Nd2 Bxa4 28. Rc7 Rd8 29. Nc4 Bc6 30. Rd1 Bf6
31. Rxc6 bxc6 32. Bxd8 Bxd8 33. Nxe5 fxe4 34. Nxc6 Bb6 35. d7 Bxf2+ 36. Kh1 Bh4
37. d8=Q Bxd8 38. Rxd8 Rxd8 39. Nxd8 Kg7 40. Ne6+ Kf6 41. Nc5 Ke5 42. Nxa6 Kd6
43. Kg1 e3 44. Be2 Kc6 45. g4 g5 46. Kg2 Kd5 47. Kf3 Kd4 48. b4 Kd5 49. Kxe3
Ke5 50. b5 Kd5 51. Nc7+ Kc5 52. Ne6+ 1-0

[Event "Mechanics' Winter TNM; G/2 d5"]
[Site "San Francisco"]
[Date "2019.01.29"]
[Round "4.33"]
[White "Capdeville, Barry"]
[Black "Casares Jr, Nick"]
[Result "0-1"]
[WhiteElo "1219"]
[BlackElo "1600"]
[PlyCount "46"]
[EventDate "2019.01.08"]
[EventType "swiss"]
[EventRounds "8"]
[EventCountry "USA"]

1. e4 e5 2. Nf3 Nc6 3. Bb5 a6 4. Ba4 Nf6 5. d3 b5 6. Bb3 Be7 7. c3 O-O 8. Nbd2
d6 9. Nf1 Na5 10. Bc2 c5 11. Ng3 Nc6 12. O-O h6 13. Be3 Ng4 14. Qd2 Nxe3 15.
Qxe3 Re8 16. Rad1 Bg4 17. h3 Bg5 18. Qe2 Bxf3 19. Qxf3 a5 20. Nf5 a4 21. d4
cxd4 22. cxd4 g6 23. d5 Nb4 0-1

[Event "Mechanics' Winter TNM; G/2 d5"]
[Site "San Francisco"]
[Date "2019.01.29"]
[Round "4.34"]
[White "Enkhjargal, Gabriel"]
[Black "Chan, John"]
[Result "0-1"]
[WhiteElo "1135"]
[BlackElo "1560"]
[PlyCount "76"]
[EventDate "2019.01.08"]
[EventType "swiss"]
[EventRounds "8"]
[EventCountry "USA"]

1. d4 Nf6 2. c4 h6 3. Nc3 c6 4. e4 d6 5. Nf3 Bg4 6. h3 Bxf3 7. Qxf3 Nbd7 8. Bf4
e5 9. dxe5 dxe5 10. Bg3 Qb6 11. b3 Bb4 12. a3 Qa5 13. Rc1 Qxa3 14. Rb1 O-O 15.
Be2 Qa5 16. Rc1 Rfe8 17. O-O Bxc3 18. Rxc3 Nc5 19. Re3 Rad8 20. Bh4 Rd6 21. Qg3
Ncxe4 22. Qh2 Rde6 23. f4 Qc5 24. Rff3 Nd2 25. Bf2 Nxf3+ 26. Rxf3 Qa3 27. f5
Qc1+ 28. Bf1 Rd6 29. Bg3 Qb2 30. Re3 Qd4 31. Bf2 Ne4 32. Rf3 Nxf2 33. Rxf2 Rf6
34. g4 Qe3 35. Kh1 Qe1 36. Qg2 Rd8 37. Re2 Qa1 38. Ra2 Qd4 0-1

[Event "Mechanics' Winter TNM; G/2 d5"]
[Site "San Francisco"]
[Date "2019.01.29"]
[Round "4.35"]
[White "Cole, Tony"]
[Black "Tabatabai, Hadi"]
[Result "0-1"]
[WhiteElo "1520"]
[BlackElo "1149"]
[Annotator "Winslow,Elliott"]
[PlyCount "136"]
[EventDate "2019.01.08"]
[EventType "swiss"]
[EventRounds "8"]
[EventCountry "USA"]

1. e4 e5 2. Nf3 Nc6 3. Nc3 Nf6 4. Bc4 h6 5. h3 Bb4 6. d3 Bxc3+ 7. bxc3 O-O 8.
g4 d5 9. exd5 Nxd5 10. Bd2 Re8 11. Bxd5 Qxd5 12. c4 Qd6 13. Qe2 Nd4 14. Nxd4
Qxd4 15. c3 Qd7 16. O-O-O Qa4 17. Kb1 b5 18. Ka1 bxc4 19. Qe4 Be6 20. d4 c6 21.
Rhg1 Bd5 22. Qb1 Rab8 23. Qc1 Be4 24. Rde1 Rb1+ 25. Qxb1 Bxb1 26. Rxb1 exd4 27.
cxd4 Re2 28. Rb2 Rxf2 29. Bc3 Rxb2 30. Kxb2 Qb5+ 31. Kc2 a5 32. Rb1 Qg5 33. Bd2
Qd5 34. Kc3 c5 35. dxc5 Qxc5 36. Rb2 a4 37. Rb4 {Somehow Black now checks on
f3. I will make two moves:} Qf2 38. Z0 Qf3+ 39. Kxc4 Qxh3 40. Rxa4 Qxg4+ 41.
Kb3 Qd1+ 42. Kb4 Qxd2+ {The scoresheet doesn't read "...Qxd2+", so maybe the
bishop is somewhere...} 43. Kb5 Qd5+ 44. Kb4 h5 45. Ra3 h4 46. Rh3 Qxa2 47.
Rxh4 Qf2 48. Rg4 f5 49. Rg6 Kh7 50. Rc6 g6 51. Rc7+ Kh6 52. Rc8 Kg5 53. Kc3 Kg4
54. Kd3 g5 55. Rg8 f4 56. Rf8 Kg3 57. Ke4 g4 58. Rg8 f3 59. Kf5 Qc5+ 60. Ke4 f2
61. Rb8 f1=Q 62. Rb3+ Qf3+ 63. Rxf3+ gxf3 64. Kd3 Qf5+ 65. Kd2 f2 66. Ke3 f1=Q
67. Kd2 Qd5+ (67... Q5d3#) 68. Ke3 Qe1# {Now White played Kf4! Enough.} 0-1

[Event "Mechanics' Winter TNM; G/2 d5"]
[Site "San Francisco"]
[Date "2019.01.29"]
[Round "4.41"]
[White "Rushton, Peter"]
[Black "Starr, Albert Mart"]
[Result "0-1"]
[WhiteElo "1186"]
[BlackElo "1500"]
[PlyCount "74"]
[EventDate "2019.01.08"]
[EventType "swiss"]
[EventRounds "8"]
[EventCountry "USA"]

1. e4 e5 2. Nf3 Nf6 3. Nc3 Bb4 4. Bc4 O-O 5. O-O d6 6. a3 Ba5 7. d3 h6 8. b4
Bb6 9. Bb2 Bg4 10. b5 Nbd7 11. Qd2 Nh7 12. Nd5 Bc5 13. d4 exd4 14. Nxd4 Ne5 15.
h3 Bh5 16. Nf4 Nxc4 17. Qc3 Nxb2 18. Qxb2 Bxd4 19. Qxd4 Qf6 20. Qe3 Bg6 21. Nd5
Qd8 22. Nf4 Ng5 23. Nxg6 fxg6 24. Qb3+ Kh7 25. f3 Qf6 26. h4 Ne6 27. c3 Rae8
28. h5 gxh5 29. Qd5 Nc5 30. Qxh5 Qxc3 31. a4 Re5 32. Qh2 Nd3 33. Rad1 Qd4+ 34.
Rf2 Qxf2+ 35. Kh1 Nf4 36. Rg1 Rh5 37. Qxh5 Nxh5 0-1